000
00322nam a2200133Ia 4500
100
_a
INMAP
942
_c
RB
654
_a
microprocessor
245
_a
Microprocessor applications for productivity improvement
260
_b
Tata Mc Graw hill
_a
New Delhi
_c
1988
082
_a
1.64
_b
INM
300
_a
442
546
_a
ENGLISH
999
_c
18281
_d
18281